Environmental assessment and PPC (Record no. 74916)

MARC details
000 -LEADER
fixed length control field 01464cab a2200217 4500
001 - CONTROL NUMBER
control field ABS68827
008 - FIXED-LENGTH DATA ELEMENTS--GENERAL INFORMATION
fixed length control field 050315n2005 000 0 eng u
035 ## - SYSTEM CONTROL NUMBER
System control number (Sirsi) u129049
100 ## - MAIN ENTRY--PERSONAL NAME
Personal name Macrory, R.
245 ## - TITLE STATEMENT
Title Environmental assessment and PPC
260 ## - PUBLICATION, DISTRIBUTION, ETC.
Date of publication, distribution, etc. 2005
490 ## - SERIES STATEMENT
Series statement ENDS Report
Volume/sequential designation (361) February 2005, 58(1)
520 ## - SUMMARY, ETC.
Summary, etc. Analyses the implications of "R v First SoS and others" ([2004] EWHC 2953), the first court decision to deal explicitly with the relationship between Environmental Impact Assessment (EIA) and the Pollution Prevention and Control (PPC) regime introduced in 2000, which focuses on the issue as to the level of detail that can be safely left for decision by specialised pollution control authorities. The court held that there could be some overlap between the EIA and PPC regimes but that they remain separate regimes with separate functions. The European Commission has launched infringement proceedings against the UK arguing that developments, which do not need planning permission but do need a new PPC permit, are still subject to EIA requirements. If this case reaches the European Court of Justice, the Court's approach will be watched with great interest .
590 ## - LOCAL NOTE (RLIN)
Local note ABS
650 ## - SUBJECT ADDED ENTRY--TOPICAL TERM
Topical term or geographic name entry element POLLUTION PREVENTION AND CONTROL REGULATIONS 2000
650 ## - SUBJECT ADDED ENTRY--TOPICAL TERM
Topical term or geographic name entry element R V FIRST SOS AND OTHERS EX P KENT
650 ## - SUBJECT ADDED ENTRY--TOPICAL TERM
Topical term or geographic name entry element ENVIRONMENTAL IMPACT ASSESSMENTS
650 ## - SUBJECT ADDED ENTRY--TOPICAL TERM
Topical term or geographic name entry element IPPC
690 ## - LOCAL SUBJECT ADDED ENTRY--TOPICAL TERM (OCLC, RLIN)
Topical term or geographic name as entry element ENVIRONMENT-AUDIT/ASSESSMENT
942 ## - ADDED ENTRY ELEMENTS (KOHA)
Suppress in OPAC 0
Holdings
Withdrawn status Lost status Source of classification or shelving scheme Damaged status Not for loan Home library Current library Shelving location Date acquired Total Checkouts Full call number Barcode Date last seen Copy number Price effective from Koha item type
    Dewey Decimal Classification     London London Journal article 15/03/2005   ABS68827 129049-1001 06/08/2019 1 06/08/2019 Journal article